UBT Library

The American pageant : (Record no. 45022)

000 -LEADER
fixed length control field 00652cam a2200241 a 4500
001 - CONTROL NUMBER
control field 17052226
005 - DATE AND TIME OF LATEST TRANSACTION
control field 20180314083848.0
008 - FIXED-LENGTH DATA ELEMENTS--GENERAL INFORMATION
fixed length control field 111121s2013 mauab 000 0deng
010 ## - LIBRARY OF CONGRESS CONTROL NUMBER
LC control number 2011943904
020 ## - INTERNATIONAL STANDARD BOOK NUMBER
International Standard Book Number 9781111831066
040 ## - CATALOGING SOURCE
Original cataloging agency DLC
Transcribing agency DLC
Modifying agency DLC
041 ## - LANGUAGE CODE
Language code of text/sound track or separate title eng
042 ## - AUTHENTICATION CODE
Authentication code pcc
043 ## - GEOGRAPHIC AREA CODE
Geographic area code n-us---
080 ## - UNIVERSAL DECIMAL CLASSIFICATION NUMBER
Universal Decimal Classification number 973 dav
082 00 - DEWEY DECIMAL CLASSIFICATION NUMBER
Classification number 973 dav
Edition number 23
100 1# - Rafti
Rafti 16
101 ## - Shkurtesa
Shkurtesa his
245 14 - TITLE STATEMENT
Title The American pageant :
Statement of responsibility, etc David M. Kennedy, Lizabeth Cohen.
906 ## - LOCAL DATA ELEMENT F, LDF (RLIN)
a 7
b cbc
c orignew
d 2
e epcn
f 20
g y-gencatlg
942 ## - ADDED ENTRY ELEMENTS (KOHA)
Source of classification or shelving scheme
Item type Books
Holdings
Withdrawn status Lost status Source of classification or shelving scheme Damaged status Not for loan Collection code Permanent location Current location Shelving location Date acquired Total Checkouts Full call number Barcode Date last seen Price effective from Koha item type
          Koleksioni i përgjithshem UBT - Lipjan UBT - Lipjan Koleksioni i përgjithshem 03/14/2018   973 dav 002-3001766 03/14/2018 03/14/2018 Books
UBT Library © 2015-2024. All rights reserved University Education for Business and Technology